1690 1212 1621 1439 1988 1098 1780 1877 1823 1395 1687 1844 1256 1999 1476 1161 1091 1002 1934 1876 1931 1604 1793 1654 1869 1780 1030 1337 1555 1809 1643 1196 1343 1447 1640 1198 1296 1280 1281 1705 1982 1705 1107 1299 1378 1694 1078 1755 1088 1699 1525 1298 1699 1911 1512 1129 1099 1505 1877 1870 1914 1276 1453 1414 1234 1270 1009 1582 1146 1688 1107 1151 1652 1413 1461 1785 1845 1366 1093 1840 1892 1087 1678 1609 1161 1482 1114 1475 1289 1294 1170 1124 1139 1313 1269 1560 1262 1063 1316 BCNSPRNW ULIB Ver.6.0+V

เปลี่ยนเป็นภาษาไทย

Change to English
 แสดงรายละเอียดบรรณานุกรม
  กลับหน้าหลัก

Brief Record : Get Marc (ISO 2709) : E-mail record : QR code < ปิดหน้าต่าง
LEADER : 00000nam 2200000uu 4500
001    13399112071
003     ULIB
008    110627s2537||||th 000 0 tha d
060  4 WY16^bช168ค 2537
100 0  ชมนาด วรรณพรศิริ
245 00 ความคาดหวังในการประกอบวิชาชีพ พยาบาลของนักศึกษาพยาบาลศาสตร์ ชั้นปีที่4 วิทยาลัยพยาบาล กระทรวงสาธารณสุข/^cชมนาด วรรณพรศิริ
260    กรุงเทพฯ :^bสถาบันพัฒนากำลังคนด้านสาธารณสุข กระทรวงสาธารณสุข,^c2537
300    48 หน้า
650  7 สถาบันพัฒนากำลังคนด้านสาธารณสุข กระทรวงสาธารณสุข
650  7 นักศึกษาพยาบาล^xความคาดหวังในการประกอบวิชาชีพ
945    ^p0^l0^i009014
995    ทศพร
999 ^a ใช้งานได้ทุกระบบ
รายการนี้ยังไม่มีแท็ก
คุณยังไม่ได้ล็อกอิน คุณสามารถมีกิจกรรมร่วมกับเว็บไซต์ได้ แต่ต้องล็อกอินก่อน ::
  ล็อกอิน

รายการสื่อสารสนเทศ

ลำดับที่ ประเภท เลขเรียก/บาร์โค้ด สถานที่ สถานะ
- ไม่พบข้อมูล -

รายการใกล้เคียง
    ผู้แต่ง [ชมนาด วรรณพรศิริ]

BibComment


ยังไม่เคยถูกคอมเมนท์

คอมเมนท์ทรัพยากรรายการนี้
  คอมเมนท์: ความคาดหวังในการป..


 Copyright 2026. Bcnsprnw @Library